Las consultas diarias en las enfermedades del sistema nervioso (Registro nro. 64709)

Detalles MARC
000 -ENCABEZADO
Número de control [NR] 00989nam a2200253Ia 4500
008 - DE LONGITUD FIJA DE DATOS DE ELEMENTOS - INFORMACIÓN GENERAL
Elementos de longitud fija [NR] 130821s1965 sp a gr spa
040 ## - FUENTE DE CATALOGACION [NR]
Agencia de catalogación original [NR] Co-BoUCM
Idioma de catalogación [NR] spa
041 00 - CODIGO DE IDIOMA [R]
Código de idioma para texto/pista de sonido o título separado [R] Español
092 ## - SIGNATURA TOPOGRAFICA LOCAL
Número de clasificación local FMR 0131
100 1# - ASIENTO PRINCIPAL--NOMBRE PERSONAL [NR]
Nombre personal [NR] Boudin, Georges
ID Autoridad 166159
245 14 - MENCION DE TITULO [NR]
Título [NR] Las consultas diarias en las enfermedades del sistema nervioso
Mención de responsabilidad, etc. [NR] Georges Boudin ; dirección de M. Albeux-Fernet ; versión espáñola de J. Grau Veneciana
260 ## - PUBLICACION, DISTRIBUCION, ETC. (PIE DE IMPRENTA) [R]
Lugar de publicación, distribución, etc. [R] Barcelona (España)
Nombre del editor, distribuidor, etc. [R] Toray-Masson
Fecha de publicación, distribución, etc. [R] 1965
300 ## - DESCRIPCION FISICA [R]
Extensión [R] 218 páginas
Otros detalles físicos [NR] ilustraciones
500 ## - NOTA GENERAL [R]
Nota general [NR] Libro disponible en 48 horas a partir de la solicitud.
504 ## - NOTA DE BIBLIOGRAFIA, ETC. [R]
Nota de bibliografía, etc. [NR]
650 04 - ASIENTO SECUNDARIO DE MATERIA - TERMINO TEMATICO [R]
Término temático o nombre geográfico como elemento de entrada [NR] Enfermedades del sistema nervioso
9 (RLIN) 14383
650 04 - ASIENTO SECUNDARIO DE MATERIA - TERMINO TEMATICO [R]
Término temático o nombre geográfico como elemento de entrada [NR] Neurología
9 (RLIN) 20299
700 1# - ASIENTO SECUNDARIO - NOMBRE PERSONAL [R]
Nombre personal [NR] Albeux-Fernet, M.
Término de relación [R]
9 (RLIN) 166160
700 1# - ASIENTO SECUNDARIO - NOMBRE PERSONAL [R]
Nombre personal [NR] Barbizet, J.
9 (RLIN) 166161
700 1# - ASIENTO SECUNDARIO - NOMBRE PERSONAL [R]
Nombre personal [NR] Grau Veneciana, J.
Término de relación [R]
9 (RLIN) 166162
700 1# - ASIENTO SECUNDARIO - NOMBRE PERSONAL [R]
Nombre personal [NR] Labet, R.
9 (RLIN) 166163
765 ## - ASIENTO DE IDIOMA ORIGINAL [R]
Asiento principal [NR] Les consultations journaliéres dans les maladies du systéme nerveux
942 ## - ELEMENTOS DE ENTRADA AGREGADOS (KOHA)
Tipo de ítem principal el descrito en 300a Libro
Tema principal Medicina
Edición 1
Título oculto en OPAC No
Existencias
Fecha de último préstamo Signatura topográfica Código de barras Última vez visto Volúmen / Fascículo Ejemplar Price effective from Tipo de ítem Nota pública (OPAC) Perdido Sistema de clasificación Dañado No prestable Tipo de ítem específico Suprimido Ubicación habitual Ubicación actual Localización Fecha de creación Forma de adquisición Costo
04/03/2010 ~ 100103279 04/12/2025 FMR 0131 Ej.1 03/02/2013 Libro Galería de donantes   LOCAL     Fondos especiales   Claustro Claustro Procesos Técnicos 30/09/2010 Donación 26000.00